Animal by Eye Close-Up Quiz Stats

Quiz Updated Jul 28, 2016

Also try: Animal Connections
Challenge
Share
Tweet
Score 0/20 Timer 02:00
15 Plays Today
Animal % Correct
Snake
98.1%
Panda
96%
Elephant
95.6%
Lion
95.1%
Polar Bear
95%
Zebra
94.5%
Giraffe
93.2%
Owl
91.9%
Frog
91.9%
Tiger
90.5%
Animal % Correct
Jaguar
89.4%
Wolf
89.1%
Parrot
87.2%
Raccoon
84.3%
Cat
83.7%
Horse
81.6%
Crocodile
79.1%
Deer
57.4%
Octopus
53.9%
Fox
49.8%

You're not logged in!

Compare scores with friends on all Sporcle quizzes.
Join for Free
OR
Log In

You Might Also Like...

Show Comments

Extras

Top Quizzes Today


Score Distribution

Your Account Isn't Verified!

In order to create a playlist on Sporcle, you need to verify the email address you used during registration. Go to your Sporcle Settings to finish the process.

Report this User

Report this user for behavior that violates our Community Guidelines.

Details: